| 000 -ლიდერი |
| ფიქსირებული სიგრძის საკონტროლო ველი |
01178nam a22002417a 4500 |
| 003 - საკონტროლო ნომრის იდენტიფიკატორი |
| საკონტროლო ველი |
Ge_BSU |
| 005 - ბოლო ოპერაციის თარიღი და დრო |
| საკონტროლო ველი |
20201126122006.0 |
| 008 - ფიქსირებული სიგრძის მონაცემთა ელემენტები - ზოგადი ინფორმაცია |
| ფიქსირებული სიგრძის საკონტროლო ველი |
201022s2005ge xxu||||| |||| 00| 0 geo d |
| 020 ## - წიგნის საერთაშორისო სტანდარტული ნომერი |
| International Standard Book Number |
9994030698 |
| 041 ## - ენის კოდი |
| Language code of text/sound track or separate title |
geo |
| 080 ## - უნივერსალური ათობითი კლასიფიკაციის ინდექსი |
| Universal Decimal Classification number |
37.01 ფ-90 |
| 100 ## - მთავარი ჩანაწერი - პიროვნების სახელი |
| Personal name |
ფრეიერი, პაულო. |
| 9 (RLIN) |
9659 |
| 245 ## - ცნობა სათაურის შესახებ |
| Title |
ჩაგრულთა პედაგოგიკა = Pedagogia do Oprimido / |
| Statement of responsibility, etc |
პაულო ფრეიერი ; [თარგმ. ნოდარ მანჩხაშვილი ; რედ: თეა ქიტოშვილი, დავით გაბუნია] |
| 250 ## - გამოცემის ცნობა |
| Edition statement |
[1-ლი ქართ. გამოც.]. |
| 264 ## - წარმოების, გამოცემის, დისტრიბუციის და სხვა ცნობები |
| გამოცემის, წარმოების, დისტრიბუციის... ადგილი |
თბილისი : |
| გამოცემის, წარმოების, დისტრიბუციის... სახელწოდება |
"გლობუსის" სტ. |
| გამოცემის, წარმოების, დისტრიბუციის... თარიღი |
2005. |
| 300 ## - ფიზიკური აღწერა |
| Extent |
151 გვ. ; |
| Dimensions |
21 სმ. |
| 520 ## - SUMMARY, ETC. |
| Summary, etc |
რეზ. ინგლ. |
| 653 ## - INDEX TERM--UNCONTROLLED |
| Uncontrolled term |
პედაგოგიკა |
| 700 ## - ADDED ENTRY--PERSONAL NAME |
| Personal name |
მანჩხაშვილი, ნოდარ |
| Relator term |
მთარგმნელი |
| 9 (RLIN) |
394 |
| 700 ## - ADDED ENTRY--PERSONAL NAME |
| Personal name |
ქიტოშვილი, თეა |
| Relator term |
რედაქტორი |
| 9 (RLIN) |
9660 |
| 700 ## - ADDED ENTRY--PERSONAL NAME |
| Personal name |
გაბუნია, დავით |
| Relator term |
რედაქტორი |
| 9 (RLIN) |
9661 |
| 942 ## - ADDED ENTRY ELEMENTS (KOHA) |
| Source of classification or shelving scheme |
|
| Koha item type |
წიგნი |